AC Milan Quiz - Statistiques

Statistiques générales
  • Ce quiz a été pris 46 fois
  • Le résultat moyen est 7 sur 15
Statistiques - réponses
Questions Réponses % Correct
En quelle année a été crée le club ? 1899
91%
Quel est le nom du stade de ce club ? San Siro
75%
Combien de Ligue des champions a ce club ? 7
73%
Qui est la légende de ce club ? Paolo Maldini
73%
Qui est le capitaine actuel de ce club ? Davide Calabria.
70%
Quelles sont les couleurs primaires de ce club ? Rouge et Noir
70%
Qui est le joueur le plus capé de ce club ? Paolo Maldini
66%
Qui est le joueur le plus cher de ce club ? Rafael Leao
66%
Qui est l’entraîneur de ce club ? Paulo Fonseca
43%
Combien de trophées a ce club ? 58
23%
Qui est le meilleur buteur de ce club ? Gunnar Nordahl (221)
16%
Quelle est la plus grande defaite de ce club ? 8 : 0 (Bologne 1922)
9%
Quelle est la plus grande victoire de ce club ? 9 : 0 (Palermo 1951)
9%
Quel est le plus gros transfert de ce club ? Andreï Chevtchenko (43,8 M)
2%
Combien vaut ce club ? 585,65 M €
0%
Aucun quiz correspondant
Distribution des résultats
% des personnes avec chaque résultat
Percentile par nombre de réponses
Votre historique - résultats
Vous n’avez pas pris ce quiz